LEADER 00813nam a2200217 4500 001 000000337578 003 CaOOAMICUS 005 20191029000000.0 008 191029s1997 it 000 u ita r 040 $aSeMil$bita 100 1 $aSheldon, Sidney,$d<1917-2007>.$0(OLS)http://semarc/name/110384 240 10$aMorning, noon, and night.$0(OLS)http://semarc/title/426559 245 10$aGiorno & notte /$cSidney Sheldon. 264 3$aMilano :$bSperling & Kupfer,$c1997. 300 $a310 p. ;$c22 cm 500 $aTrad. di Tullio Dobner 850 $aSeMil 852 $aSeMil$W1$xVenegono$y1$m1V VI 343$j217991$B229159$CSeMilBibl$Z2$F229159 $81 996 $6245$aGiorno & notte$9(OLS)http://semarc/title/426560 996 $6264$aMilano :$bSperling & Kupfer$9(OLS)http://semarc/publisher/31721 LEADER 01010nam a2200217 i 4500 001 000000217666 003 CaOOAMICUS 005 20121212000000.0 008 121212s1965 it u000 u ita u 013 $a196563 040 $aSeMil$bita 100 1 $aGerosa Brichetto, Giuseppe,$d<1910-1996>.$0(OLS)http://semarc/name/19159 245 13$aLa battaglia di Marignano :$buomini e tempi delle calate dei francesi sul ducato di Milano /$cGiuseppe Gerosa Brichetto. 260 $aMilano :$b[s.n.],$c1965. 300 $a204 p. :$bill. ;$c25 cm. 650 4$aMilano (Ducato) - Storia.$0(OLS)http://semarc/subject/10608 650 4$aBattaglia di Marignano <1515>.$0(OLS)http://semarc/subject/47559 850 $aSeMil 852 $aSeMil$W1$xVenegono$y1$m3O IV 182$j168080$B168080$CSeMilBibl$Z2$F178857 $81 996 $6245$aLa battaglia di Marignano :$buomini e tempi delle calate dei francesi sul ducato di Milano$9(OLS)http://semarc/title/312721 996 $6260$aMilano :$b[s.n.]$9(OLS)http://semarc/publisher/29709